00956cam a22002651a 450000100060000000300080000600500170001400800410003103500140007203500190008604000390010504100080014408200220015210000460017424501330022025000130035326000680036630000520043450400510048665000110053765100320054865100350058070000520061570000230066727593BD-RjUL20211209051156.0140325s19691927enkb b 001 0 eng d a(BD-RjUL) a(OCoLC)1034259 aDLCcTxU-DadBD-RjULdUkdDLCbeng aeng a940.27bGRE 19691 aGrant, A. J.q(Arthur James),d1862-1948.10aEurope in the nineteenth and twentieth centuries (1789-1950) /c by A.J. Grant and Harold Temperley Edited by Lillian M. Penson a6th ed.  aLondon ;aNew York :bLongmans, Green,c1927 [Impression 1969]. axxii, 603 p. :bill, maps (some col.) ;c22 cm. aIncludes bibliographical references and index. aEurope 0aEuropexHistoryy1789-1900. 0aEuropexHistoryy20th century.1 aTemperley, Harold William Vazeille,d1879-1939.1 aLillian M. Penson